Score 0/15 Timer 10:00
0 Plays Today
Hint Answer % Correct
What is Spider-Man's secret identity?Peter Parker
100%
Where does Peter Parker work?Daily Bugle
85.7%
What is the pig version of Spider-Man?Spider-Ham
71.4%
What are the MAIN two symbiotes?Venom and Carnage
57.1%
What Spider-Man movie has Mysterio as the main villain?Spider-Man: Far From Home
42.9%
How many live-action Spider-Man movies are there?Seven
42.9%
What was the comic that debuted Spider-Man?Amazing Fantasy #15
14.3%
What is the name of Peter Parkers Aunt and UncleAunt May and Uncle Ben
14.3%
Hint Answer % Correct
Name the members from the Sinister 6Doc-Ock, Electro, Kraven, Mysterio, Sandman, Vulture
0%
Who played Spider-Man in the three live-action film series'?Tobey Maguire, Andrew Garfield, Tom Holland
0%
What kind of vehicle does Spider-Man drive?Motorcycle
0%
Who is Spider-Man's girlfriend?Black Cat
0%
Who made the Anti-Venom symbiote?Norman Osborn
0%
In the 2002 Spider-Man movie, what real life wrestler did 'The Human Spider' go against in a cage match?'Macho Man' Randy Savage
0%
What famous line did Bonesaw (Randy Savage) say in his match with the Human Spider (Spider-Man)'YOU AIN'T GOING NO WHERE, I GOT YA FOR THREE MINUTES, THREE MINUTES OF PLAYTIME'
0%
Come Together.
Have Fun.
All Virtual.
We all need to come together. Play Sporcle's virtual live trivia to have fun, connect with people, and get your trivia on. Join a live hosted trivia game for your favorite pub trivia experience done virtually. If a virtual private party is more your thing, go here for details.

You're not logged in!

Compare scores with friends on all Sporcle quizzes.
OR
Log In

Sporcle TV

Today on Sporcle TV


Watch our educational content, quiz creation guides, and fun videos on Sporcle TV.

Show Comments

Extras

Created Feb 18, 2020ReportNominate
Tags:Spider-Man

Top Quizzes Today


Score Distribution

Paid Content

Your Account Isn't Verified!

In order to create a playlist on Sporcle, you need to verify the email address you used during registration. Go to your Sporcle Settings to finish the process.

Report this User

Report this user for behavior that violates our Community Guidelines.

Details: